000 00443nam a2200169Ia 4500
008 090711s9999 xx 000 0 und d
082 _b73431
100 _aखिरे जयश्री
245 _aमोतिया
260 _c1994
300 _a139
600 _aखिरे जयश्री
630 _aमोतिया
700 _aखिरे जयश्री
730 _aमोतिया
942 _cBOOK
999 _c311311
_d311311